FAO agricultural services bulletin N.117 Quality assurance for small-scale rural food industries

Đã lưu trong:
Bibliografiske detaljer
Hovedforfatter: FAO
Format: Bog
Sprog:Undetermined
Udgivet: Rome FAO 1995
Fag:
Tags: Tilføj Tag
Ingen Tags, Vær først til at tagge denne postø!
Thư viện lưu trữ: Trung tâm Học liệu Trường Đại học Cần Thơ
LEADER 00489nam a2200181Ia 4500
001 CTU_3510
008 210402s9999 xx 000 0 und d
082 |a 630 
082 |b F218/N.117 
100 |a FAO 
245 0 |a FAO agricultural services bulletin N.117 
245 0 |b Quality assurance for small-scale rural food industries 
245 0 |c FAO 
260 |a Rome 
260 |b FAO 
260 |c 1995 
650 |a food supply 
980 |a Trung tâm Học liệu Trường Đại học Cần Thơ